Informe anual / Caixa d'Estalvis de Catalunya
Descripción Física:
8 v. ; 28 cm
Materias:
Caixa Catalunya -- Memòries
MARC
| LEADER | 00000nam a2200000Ia 4500 | ||
|---|---|---|---|
| 001 | 9416, 9587, 10069, 10636, 10820, 11410, 11626, 12028 | ||
| 008 | 160829s1991 - 2003 xx 000 0 cat d | ||
| 080 | |a M-1-138, M-1-139, M-1-140, M-1-141, M-1-142, M-1-143, M-1-144, M-1-145 | ||
| 100 | |a Caixa Catalunya | ||
| 245 | |a Informe anual / Caixa d'Estalvis de Catalunya | ||
| 260 | |a Barcelona : |b [La Caixa], |c 1991 - 2003 | ||
| 300 | |a 8 v. ; |c 28 cm | ||
| 590 | |a Continuació de: Memòria | ||
| 650 | |a Caixa Catalunya |x Memòries |9 39609 | ||
| 866 | |a 1990, 1991, 1992, 1993, 1994, 1995, 1996, 1997, 2001, 2002 | ||
| 901 | |a Arxiu | ||
| 942 | |n 1 | ||
| 952 | |0 0 |1 0 |4 0 |6 M1138_M1139_M1140_M1141_M1142_M1143_M1144_M1145 |7 1 |9 49116 |a Arxiu |b Arxiu |d 2016-12-01 |l 0 |o M-1-138, M-1-139, M-1-140, M-1-141, M-1-142, M-1-143, M-1-144, M-1-145 |p 9416, 9587, 10069, 1 |r 2016-12-01 00:00:00 |w 2016-12-01 |y ARXIU | ||
| 999 | |c 52954 |d 52954 | ||